Bōsō no matsuri,
Saved in:
| Main Author: | |
|---|---|
| Format: | Book |
| Language: | Japanese |
| Published: |
Tōkyō,
Ōfūsha,
Shōwa 40 [1965]
|
| Subjects: | |
| Tags: |
Add Tag
No Tags, Be the first to tag this record!
|
| LEADER | 00743cam a2200229 4500 | ||
|---|---|---|---|
| 001 | 007721121-9 | ||
| 005 | 20024617115958.0 | ||
| 008 | 900322s1965 ja ab 000 0 jpn | ||
| 010 | |a j 66002212 | ||
| 035 | 0 | |a ocm21255216 | |
| 040 | |a DLC |c CLU |d *YNH* |d CStRLIN | ||
| 050 | 0 | |a GT4884 |b .I4 | |
| 100 | 1 | |6 880-01 |a Imai, Fukujirō, |d 1901-1968. | |
| 245 | 1 | 0 | |6 880-02 |a Bōsō no matsuri, |c Imai Fukujirō cho. |
| 260 | |6 880-03 |a Tōkyō, |b Ōfūsha, |c Shōwa 40 [1965] | ||
| 300 | |a 301 p. |b illus., map. |c 22 cm. | ||
| 650 | 0 | |a Festivals |z Japan |z Chiba-ken. | |
| 880 | 1 | |6 100-01 |a 今井福治郎, |d 1901-1968. | |
| 880 | 1 | 0 | |6 245-02 |a 房総の祭, |c 今井福治郎著. |
| 880 | |6 260-03 |a 東京, |b 櫻楓社, |c 昭和40 [1965] | ||
| 988 | |a 20021214 | ||
| 906 | |0 DLC | ||


